[Event "EU-chT (Men) 12th"]
[Site "Batumi"]
[Date "1999.12.05"]
[Round "7.2"]
[White "Mchedlishvili, Mikheil"]
[Black "Ftacnik, Lubomir"]
[Result "0-1"]
[WhiteElo "2441"]
[BlackElo "2589"]
[Annotator "Ftacnik,L"]
[PlyCount "90"]
[EventDate "1999.11.06"]
[EventType "team-swiss"]
[EventRounds "9"]
[EventCountry "GEO"]
[SourceTitle "CBM 074"]
[Source "ChessBase"]
[SourceDate "2000.02.01"]
[SourceVersion "1"]
[SourceVersionDate "2000.02.01"]
[SourceQuality "1"]
[WhiteTeam "Georgia II"]
[BlackTeam "Slovakia"]
[WhiteTeamCountry "GEO"]
[BlackTeamCountry "SVK"]

1. Nf3 Nf6 2. c4 g6 3. Nc3 d5 4. d4 Bg7 5. cxd5 Nxd5 6. Bd2 O-O 7. e4 Nb6 8.
Be3 Bg4 9. Be2 Nc6 10. d5 Bxf3 11. gxf3 Na5 12. Bd4 Qd6 13. Bxg7 (13. Nb5 Qb4+
14. Qd2 Qxd2+ 15. Kxd2 c6 16. Bxg7 Kxg7 17. dxc6 Nxc6 18. Rhd1 f5 19. Ke1 Rac8
{1-0 Shabtai,R-Jansa,V/Gausdal/1995/ (69)}) 13... Kxg7 14. Qd2 (14. Qd4+ e5 15.
Qd3 c6) (14. f4 $5 f6 (14... Qxf4 $2 15. Qd4+ e5 16. Qc5) (14... Qf6)) 14...
Qf6 15. O-O-O (15. b3 Rfd8 16. Rc1 (16. Qe3 c6 17. Qc5 Nac4 $1) 16... e6 $1 (
16... c6 $2 17. Nd1) 17. Nb5 Nc6 18. Nxc7 Rac8 19. Ne8+ $5 (19. Qc3 Qxc3+ 20.
Rxc3 exd5 21. exd5 Nxd5 22. Nxd5 Rxd5 $15) 19... Rxe8 20. dxc6 Rxc6 21. Rxc6
bxc6 22. O-O Rd8 $15 {1/2-1/2 Arlandi,E-Konopka,M/Baden/1999/ (47)}) (15. f4
Nac4 16. Bxc4 Nxc4 17. Qe2 Nb6 18. Qe3 Nc4 19. Qe2 Nb6 20. Qe3 Nc4 21. Qe2 {
1/2-1/2 Sokolov,I-Shirov,A/Las Vegas/1999/ (21)}) 15... c6 16. Qd4 {White will
suffer in an endgame, since his pawn structure is seriously flawed by the
doubled f pawn.} (16. Qe3 Nac4 17. Qd4 cxd5 18. Qxf6+ Kxf6 19. Nxd5+ Nxd5 20.
Rxd5 Nb6 21. Rb5 Rfd8 22. Rd1 Rac8+ 23. Kb1 Rxd1+ 24. Bxd1 e5 {0-1 Gazarek,
D-Konopka,M/Pardubice/1999/ (62)}) 16... Qxd4 17. Rxd4 cxd5 18. Nxd5 Rac8+ 19.
Kb1 (19. Kd2 Nac4+ $17) (19. Kd1 Rfd8 $1 $17) 19... Nc6 20. Rd2 (20. Nxb6 Nxd4
21. Nxc8 Rxc8 22. Bd1 Kf6 $15) (20. Rd3 Nxd5 21. Rxd5 Rfd8 22. Rhd1 Rxd5 23.
Rxd5 (23. exd5 Ne5 24. d6 e6 $5 $17) 23... Rd8 $15) 20... Rfd8 21. Rhd1 Nxd5
22. exd5 (22. Rxd5 Rxd5) 22... Ne5 23. d6 e6 $1 {[%mdl 4096] Black undertakes
some risk in order to play for win. White d6 pawn can be either strong or very
weak.} (23... Rxd6 24. Rxd6 exd6 25. Rxd6 Re8 26. f4 Nc6 27. Bb5 Re1+ 28. Kc2
Rh1 29. Bxc6 bxc6 30. Kd2 $15) 24. f4 (24. Rd4 $5 Rd7 25. Bb5 Nc6 26. Rc4 (26.
R4d2 a6 $17) 26... Kf6 $17) 24... Nc4 $1 25. Rd4 (25. Bxc4 Rxc4 26. Rc1 Rxc1+
27. Kxc1 Kf6 28. Kc2 e5 $17) 25... Nb6 26. Bf3 Rd7 27. Rb4 (27. a4 $5 Rcd8 (
27... Rc4 28. Rxc4 Nxc4 29. Bxb7 Rxd6 30. Rxd6 (30. Rc1 Nxb2 $1 $19) 30... Nxd6
31. Bc6 Kf6 32. Kc2 Kf5 33. Kd3 Kxf4 34. b4 Ke5 $15) 28. Rb4 Rxd6 29. Rxd6 Rxd6
30. a5 Nd5 31. Rxb7 a6 $15) 27... Kf6 28. a4 Rc5 $1 29. Rc1 (29. Bxb7 $5 Rxb7
30. Rxb6 axb6 31. d7 Rxd7 32. Rxd7 Rh5 33. Rb7 Rxh2 34. Rxb6 Rxf2 35. a5 h5 36.
Rb4 Rf1+ 37. Ka2 Rd1 $17) 29... Rxc1+ 30. Kxc1 Nd5 31. Rb5 a6 (31... Rxd6 32.
Rxb7 a6 33. Bxd5 Rxd5 34. Rb6 a5 35. b4 axb4 36. Rxb4 $15) 32. Rb3 (32. Rc5
Nxf4 $19) 32... Kf5 (32... Rxd6 33. Bxd5 $1 (33. Rxb7 Nxf4 34. b4 Nd3+ 35. Kb1
Rd4 $19) 33... Rxd5 34. Rxb7 Rd4 35. b4 Rxf4 36. Rb6 Rxf2 37. Rxa6 Rxh2 38. b5
$17) 33. Bxd5 exd5 34. Rb4 $6 (34. Re3 $5 Rxd6 35. Re7 Rf6 36. Rxb7 Kxf4 37. a5
Kg4 38. Rb6 Rxf2 39. Rxa6 $17) 34... Kg4 {Black king is marching towards
isolated white pawns.} 35. a5 (35. Kd2 a5 $1 36. Rb5 Kxf4 37. Rxd5 Ke4 38. Rd3
Ke5 $17) 35... h5 36. Kd2 Kh3 37. Kd3 (37. Rb6 Kxh2 38. Ke3 Kg2 39. Kd4 h4 $19)
37... Kxh2 38. Kd4 Rxd6 (38... h4 39. Kxd5 h3 40. f5 gxf5 41. Rf4 Kg1 42. Rxf5
h2 43. Rg5+ Kxf2 44. Rh5 Kg3 45. Rh8 Rd8 46. Rh7 Rg8 47. d7 Kg2 $19) 39. Rxb7
Rf6 (39... h4 40. Rxf7 h3 41. f5 Kg2 42. Kc5 h2 43. Kxd6 h1=Q $19) 40. Ke3 (40.
Rb6 Rxf4+ 41. Ke3 Re4+ 42. Kd3 (42. Kf3 g5 $1) 42... Kg2 43. Rxa6 h4 44. Rc6 (
44. Rf6 h3 45. Rxf7 Rh4 46. Rc7 h2 47. Rc1 Kxf2 48. Rh1 Kg2 49. Rxh2+ Kxh2 $19)
44... h3 45. Rc2 Rh4 46. f4+ Kg3 47. Rc1 h2 48. Rh1 Rxf4 $19) 40... Kg2 41. Rb6
Re6+ $1 (41... d4+ 42. Kd3 Rxf4 43. Rxa6 h4 44. Rc6 h3 45. Rc1 h2 $19) 42. Rxe6
fxe6 43. b4 h4 44. b5 axb5 45. f5 (45. a6 h3 46. a7 h2 47. a8=Q h1=Q $19) 45...
gxf5 (45... gxf5 46. a6 h3 47. a7 h2 48. a8=Q h1=Q 49. Qg8+ Kf1 50. Qxe6 Qe4+
$19) 0-1

[Event "Linares Anibal op 04th"]
[Site "Linares"]
[Date "1997.??.??"]
[Round "7"]
[White "Bagirov, Vladimir"]
[Black "Minzer, Claudio Javier"]
[Result "1-0"]
[WhiteElo "2505"]
[BlackElo "2430"]
[Annotator "Ftacnik,L"]
[PlyCount "109"]
[EventDate "1997.02.??"]
[EventType "swiss"]
[EventRounds "10"]
[EventCountry "ESP"]
[SourceTitle "CBM 058"]
[Source "ChessBase"]
[SourceDate "1997.06.01"]
[SourceVersion "1"]
[SourceVersionDate "1997.06.01"]
[SourceQuality "1"]

1. d4 Nf6 2. c4 g6 3. Nc3 d5 4. cxd5 Nxd5 5. Bd2 Bg7 6. e4 Nb6 7. Be3 O-O 8.
Nf3 Bg4 9. Be2 Nc6 10. d5 Bxf3 11. Bxf3 (11. gxf3 Ne5 (11... Na5 12. Bd4 Qd6 (
12... e5 13. Bc5 Re8 14. Bb5 c6 15. dxc6 bxc6 16. Ba6 Bf8 17. Bxf8 Rxf8 18.
Qxd8 Raxd8 19. Rd1 Rd4 20. Ke2 Rfd8 21. b3 {Soppe,G-Malisauskas,V/Erevan olm 
(08) 1996/1-0 (74)}) 13. Nb5 Qb4+ 14. Qd2 Qxd2+ 15. Kxd2 c6 16. Bxg7 Kxg7 17.
dxc6 Nxc6 18. Rhd1 f5 19. Ke1 Rac8 20. Nd4 Kf6 {Shabtai,R-Jansa,V/Gausdal Int 
(02)/1995/1-0 (69)}) 12. Qb3 (12. Bd4 c5 (12... e6 13. f4 Ned7 14. Bxg7 Kxg7
15. Qd4+ (15. dxe6 fxe6 $17 {><f4}) 15... Qf6 16. O-O-O (16. Qxf6+ Nxf6 17. Bf3
exd5 18. e5 Nfd7 19. Nxd5 Nxd5 20. Bxd5 c6 21. Bb3 Nc5 $15) 16... exd5 17. Nxd5
Nxd5 18. exd5 Rad8 19. Bf3 Rfe8 20. Rd3 Nb6 {0-1 Tyrtania,M-Lagunov,A/Berliner
Sommer/1994 (29)}) 13. Bxc5 Rc8 14. Bd4 Rc4 15. Bxc4 Nbxc4 16. Kf1 Qc8 17. Kg2
Nxb2 18. Qd2 Nec4 19. Qc2 Bxd4 20. Rac1 a6 21. a4 Qc5 22. Qb3 Nd3 {1/2-1/2
Akhsharumova,A-London,D/New York op/1987/}) 12... Qc8 (12... c6 13. O-O-O cxd5
(13... Qc7 14. Kb1 Ned7 15. h4 cxd5 16. Nxd5 Nxd5 17. Rxd5 b6 18. h5 Nc5 19.
Qc4 e6 20. Rg5 Rac8 {0-1 Shabtai,R-Honfi,K/Budapest FS09 IM-A (07)/1994 (33)})
14. Nxd5 Nxd5 15. Rxd5 Qc8+ 16. Kb1 Qh3 (16... e6 17. Rc5 Qd7 18. Rd1 Qe7 19.
Rdc1 Nc6 $11) 17. Bd4 Qg2 (17... Nd7 18. Bxg7 Kxg7 19. Qxb7 Qg2 20. Rf1 Nf6 21.
Ra5 Rfe8 22. Rxa7 Rxa7 23. Qxa7 Nxe4 24. Qd4+ Nf6 {1/2-1/2 Grabuzova,T-Peptan,
C/Timisoara-W (13)/1994 (44)}) 18. Rc1 Qxh2 19. Qc3 f6 20. Qb3 Nf7 21. Qxb7 Bh6
22. Rd1 Rfe8 23. Rd7 {1-0 Wilhelmi,C-Honfi,K/Budapest FS03 IM-B (07)/1995 (32)}
) 13. h4 h5 14. O-O-O c6 15. Kb1 Ned7 16. d6 Qe8 17. Rhg1 Kh7 18. f4 Rd8 19. e5
exd6 20. Rxd6 Nc8 21. Rdd1 {1-0 Boensch,U-Gyorkos,L/Szekszard op (06)/1989 (28)
}) 11... Ne5 (11... Na5 12. O-O Nac4 13. Bc1) 12. Be2 c6 (12... Nec4 13. Bc1 e6
14. dxe6 Qxd1+ 15. Bxd1 fxe6 16. Bb3 $14) 13. Qb3 cxd5 14. Rd1 (14. Bxb6 $6
Qxb6 15. Qxb6 axb6 16. Nxd5 Nc6 17. Nxb6 Bxb2 $15) (14. exd5 Rc8 15. O-O Nec4
$11) 14... Nc6 $2 (14... Rc8 15. Nxd5 Nxd5 16. Rxd5 Qc7 17. Bxa7 Qc2 $132) 15.
exd5 Na5 {xNa5} 16. Qb4 Nc8 (16... Bxc3+ 17. Qxc3 Nxd5 18. Qe5 Nxe3 19. Rxd8
Nxg2+ 20. Kf1 Raxd8 21. Qxa5 $18) 17. O-O Nd6 18. Nb5 b6 (18... Nxb5 19. Bxb5
a6 20. Be2 b5 21. Bg5 $14) 19. Nxd6 exd6 (19... Qxd6 20. Qxd6 exd6 21. b4 Nb7
22. Rc1 $16) 20. Ba6 Re8 21. Qa3 Qh4 22. Rc1 (22. b4 $6 Nc4 23. Bxc4 Qxc4 $15)
22... Re4 23. g3 Qh5 (23... Qg4 $2 24. f3) 24. Rc2 (24. b4 Rh4 $3 25. bxa5 (25.
gxh4 Qg4+ 26. Kh1 Qf3+ 27. Kg1 Qg4+ $11) 25... Rxh2 $40) 24... Qxd5 (24... Rh4
$2 25. f4 $1 $18) 25. Rfc1 Rae8 (25... Re7 26. Rd2 Qe6 27. b4 Nb7 28. Bc4 $16)
26. b4 $1 Bd4 (26... Nb7 27. Rd2 Rxe3 28. Qxe3 Rxe3 29. Rxd5 Re7 30. Rc8+ Bf8
31. Rb8 $18) (26... Rxe3 27. fxe3 Nb7 28. Qa4 Rxe3 29. Rc8+ Bf8 30. Qd1 $18)
27. Bxd4 Rxd4 28. bxa5 Rd1+ 29. Bf1 (29. Rxd1 $4 Qxd1+ 30. Bf1 Qxc2 $19) 29...
Ree1 30. Rc8+ Kg7 31. Qc3+ Kh6 (31... f6 32. Qxe1 (32. Rxd1 Qxd1 33. Rc7+ Kh6
34. Qc4 $18) 32... Rxe1 33. Rxe1 $18) 32. Qxe1 (32. Rxd1 Qxd1 33. Qc4 d5 34.
Qb5 d4 35. Re8 $18) 32... Rxe1 33. Rxe1 Qxa5 34. Re2 b5 35. Rcc2 (35. Bg2 b4
36. Rc4 $18) 35... b4 36. Red2 Qb6 37. Bc4 f5 (37... Kg7 38. Rd5 a5 39. Rcd2
$18) 38. Bd5 Qa5 39. Bb3 Qb6 40. Rd5 a5 41. Rcd2 Qa7 42. Ba4 (42. Rxd6 a4 43.
Bd1 $18) 42... Qe7 43. Rxd6 Qe1+ 44. Kg2 Qe4+ 45. f3 Qe3 46. R6d3 Qe1 (46...
Qb6 47. Rd7 Qe3 48. Bb3 $18) 47. Rd5 Qe3 48. Bb3 Qe1 49. Rf2 $1 Qe8 50. Rxa5
Qe7 51. Rd5 Kg5 52. Rfd2 Qe3 53. Rd7 h5 (53... Kh6 54. Bg8 $18) 54. h4+ Kh6 55.
Bg8 (55. Bg8 g5 56. R2d6+ $18) 1-0

[Event "EU-ch 5th"]
[Site "Antalya"]
[Date "2004.05.17"]
[Round "3"]
[White "Anastasian, Ashot"]
[Black "Kristjansson, Stefan"]
[Result "1-0"]
[WhiteElo "2587"]
[BlackElo "2404"]
[Annotator "Ftacnik,L"]
[PlyCount "57"]
[EventDate "2004.05.15"]
[EventType "swiss"]
[EventRounds "13"]
[EventCountry "TUR"]
[SourceTitle "CBM 101"]
[Source "ChessBase"]
[SourceDate "2004.07.27"]
[SourceVersion "1"]
[SourceVersionDate "2004.07.27"]
[SourceQuality "1"]

1. Nf3 Nf6 2. c4 g6 3. d4 Bg7 4. Nc3 d5 5. cxd5 Nxd5 6. Na4 Bf5 7. Nh4 {
White has to be a very strong player in order t o afford such a peculiar
stgrategy. Both knights are sitting at the edge while black is developing the
pieces.} Nc6 8. Nxf5 gxf5 9. e3 e5 (9... Qd6 10. Nc5 f4 11. Bb5 fxe3 12. fxe3
O-O 13. O-O Rab8 14. Ne4 $16) 10. dxe5 Nxe5 11. Be2 (11. Qb3 c6 12. Bd2 (12.
Qxb7 $2 Rb8 13. Qxa7 Nb4 $19) 12... Qe7 13. Be2 O-O-O 14. O-O $14) 11... Qd6
12. O-O O-O-O 13. Qc2 f4 $5 {Kristjansson correctly sacrifices a pawn in order
to get some activity on the central squares.} (13... Qg6 14. Nc5 f4 15. Qxg6
hxg6 16. e4 $14) 14. exf4 (14. Qf5+ Qd7 15. Qxd7+ Nxd7 16. Rd1 c6 17. e4 Rhe8
18. Bf3 N5f6 $11) 14... Nc6 15. Bg4+ (15. Qf5+ Kb8 16. Qxf7 Rd7 17. Qh5 Nxf4
18. Bxf4 Qxf4 19. Bb5 $14) 15... Kb8 16. Qc5 (16. Qc4 Nd4 17. Nc3 h5 18. Bd1
Nb6 $11) 16... Nd4 17. Qxd6 Rxd6 18. Rb1 (18. Bd1 Re8 19. Bd2 c6 $11) 18... Bh6
$6 {Black is eager to restore material equality, but white will surprise him.}
(18... f5 19. Bd1 Re8 20. Nc3 Nxc3 21. bxc3 Ne2+ 22. Bxe2 Rxe2 23. Rb5 Bxc3 24.
Rxf5 $11) 19. Bh5 (19. g3 f5 20. Bd1 Rg8 21. Kh1 Bg7 $11) 19... Bxf4 20. Rd1 $1
(20. Bxf7 $2 Ne2+ 21. Kh1 Bxc1 22. Re1 Ndf4 23. g3 Bd2 $19) (20. Bxf4 Nxf4 21.
Bxf7 Rf8 22. Bb3 Nfe2+ 23. Kh1 Rdf6 24. Bc4 (24. f3 $2 Ng3+ 25. hxg3 Ne2 $19)
24... Rxf2 25. Rxf2 Rxf2 26. Nc5 $11) 20... Bxc1 $6 (20... Be5 21. Bxf7 Nf6 22.
Be3 $14) 21. Rxd4 $1 Nf4 (21... Bh6 22. Bxf7 $16) 22. Rxd6 cxd6 23. Bxf7 {
Anastasian has reached the best position in this game, with extra pawn and
black pieces poorly coordinated his chances are excellent.} Rc8 (23... Rf8 24.
Bh5 Nxh5 25. Rxc1 Nf4 26. Nc3 $16) 24. g3 Nd3 25. Be6 Rc7 (25... Rc2 $2 26. Bf5
Rxf2 27. Bxd3 Be3 28. Kh1 $18) 26. Bf5 Ne5 (26... Nb4 27. Nc3 Bd2 28. Ne4 Rc1+
29. Rxc1 Bxc1 30. Nxd6 $18) 27. Kg2 (27. Nc3 Bxb2 28. Nb5 Rc1+ 29. Rxc1 Bxc1
30. Nxd6 $16) 27... d5 28. Nc3 Bxb2 29. Nxd5 (29. Nxd5 Rc5 30. Nb4 $1 a5 31.
Rxb2 axb4 32. Rxb4 $18) 1-0

[Event "Voskresensk"]
[Site "Voskresensk"]
[Date "1990.??.??"]
[Round "?"]
[White "Naumkin, Igor"]
[Black "Neverov, Valeriy"]
[Result "1/2-1/2"]
[WhiteElo "2455"]
[BlackElo "2505"]
[Annotator "Ftacnik,L"]
[PlyCount "69"]
[EventDate "1990.07.??"]
[EventType "tourn"]
[EventRounds "11"]
[EventCountry "URS"]
[EventCategory "9"]
[SourceTitle "CBM 019"]
[Source "ChessBase"]
[SourceDate "1990.12.01"]
[SourceVersion "1"]
[SourceVersionDate "1990.12.01"]
[SourceQuality "1"]

1. d4 Nf6 2. c4 g6 3. Nc3 d5 4. Nf3 Bg7 5. cxd5 Nxd5 6. Bd2 O-O 7. Qb3 $5 (7.
Rc1) 7... Nb6 (7... Nxc3 8. Bxc3 b6 9. e4 Bb7 $132) 8. Rd1 Bg4 9. e3 (9. Bg5 $5
) 9... Bxf3 10. gxf3 N8d7 11. f4 (11. Bg2 c5 12. d5) 11... c5 12. d5 c4 $5 13.
Qc2 (13. Bxc4 Nc5 14. Qb4 Rc8 $132) 13... Nc5 14. e4 Rc8 15. Be3 Qd7 16. Rg1 (
16. Be2 e6 (16... Nca4 17. Rg1)) 16... e6 17. dxe6 Qxe6 18. e5 f6 19. f5 $1
Qxe5 (19... Qxf5 $2 20. Qxf5 gxf5 21. Bh6 Rc7 22. Nd5 Nxd5 23. Bxc4 Kh8 24.
Rxg7 Rxg7 25. Rxd5 $36) (19... gxf5 $13) 20. fxg6 f5 21. gxh7+ Kh8 22. Be2 Qxh2
(22... Nd3+ 23. Kf1 $13) 23. Kf1 Ne6 24. Bf3 Qh3+ 25. Bg2 Qh5 26. Bxb7 Rcd8 27.
Re1 Qf7 28. Bf3 f4 29. Bxb6 axb6 30. Bd5 Rxd5 $1 31. Nxd5 Qh5 32. Ne7 (32. Qe4
Qh3+ 33. Ke2 Nd4+) 32... Qh3+ 33. Rg2 Qh1+ (33... f3 $2 34. Ng6+ Kxh7 35. Nf4+
Qf5 36. Rh2+ $18) 34. Rg1 Qh3+ 35. Rg2 {Ftacnik,L} 1/2-1/2

[Event "RUS-Cup03 Geller Memorial"]
[Site "Moscow"]
[Date "1999.02.08"]
[Round "7"]
[White "Rustemov, Alexander"]
[Black "Polovodin, Igor A"]
[Result "1-0"]
[WhiteElo "2539"]
[BlackElo "2468"]
[Annotator "Ftacnik,L"]
[PlyCount "111"]
[EventDate "1999.02.10"]
[EventType "swiss"]
[EventRounds "9"]
[EventCountry "RUS"]
[SourceTitle "CBM 070"]
[Source "ChessBase"]
[SourceDate "1999.06.08"]
[SourceVersion "1"]
[SourceVersionDate "1999.06.08"]
[SourceQuality "1"]

1. d4 Nf6 2. c4 g6 3. Nc3 d5 4. Nf3 Bg7 5. Qa4+ Bd7 6. Qb3 dxc4 7. Qxc4 O-O 8.
e4 Na6 (8... b5 $5) 9. e5 (9. Qb3 c5 10. d5 Qb6 (10... e6 11. Be2 exd5 12. exd5
b5 13. O-O c4 14. Qd1 Nc5 15. Be3 Nfe4 16. Nd4 Nxc3 17. bxc3 Ne4 18. Qc2 Re8
19. Bf3 Nd6 {0-1 Llorens,M-Sanguinetti,R/ARG-ESP radio m 1948/ (37)}) 11. Be2
e6 12. Qxb6 axb6 13. O-O exd5 14. exd5 Rfe8 15. Bd2 b5 16. Bxb5 Bxb5 17. Nxb5
Nxd5 18. Nc3 Nab4 19. a4 Nb6 20. b3 Rad8 21. Rae1 {1-0 Friedmann,O-Prins,L/
London 1946/ (36)}) (9. Be2 c5 (9... Rb8 10. Bf4 b5 11. Qb3 Rb6 12. O-O c5 13.
dxc5 Nxc5 14. Qb4 Ne6 15. Be3 Rb7 16. e5 Ne8 17. Rfd1 N8c7 18. Qg4 Rb8 19. Bxa7
Ra8 20. Be3 {1-0 Martin,P-Bolbochan,J/Mar del Plata 1950/ (45)}) 10. dxc5 Rc8
11. Be3 Nxc5 12. Bxc5 b6 13. Bxe7 Qxe7 14. Qd3 Bc6 15. Nd2 Bh6 16. Rd1 Rfd8 17.
Qh3 Kg7 18. Bd3 Nh5 19. Ne2 Qb4 20. a3 Qxb2 21. Nc4 Qf6 {0-1 Kantor,A-La Flair,
R/Nassau 1988/ (28)}) 9... Ng4 (9... Be6 10. exf6 Bxc4 11. fxg7 Kxg7 (11...
Bxf1 12. gxf8=Q+ Kxf8 13. Bh6+ Kg8 14. Rxf1 Nb4 15. O-O-O Qd7 16. a3 a5 17.
Rfe1 f6 18. h4 Kf7 19. Re2 {1-0 Gulko,B-Vaganian,R/Erevan 1976/ (42)}) 12. Bxc4
Nb4 13. Bb3 c5 (13... Nd3+ 14. Ke2 Nxc1+ 15. Raxc1 e6 (15... c6 16. Rhe1 e6 17.
Kf1 Rc8 18. Ne4 Rc7 19. Rc3 Re7 20. g3 {1/2-1/2 Kozlov,V-Mishuchkov,N/
Daugavpils 1978/ (46)}) 16. d5 exd5 17. Nxd5 c6 18. Ne3 Qf6 19. Rc2 Rad8 20. h4
Rfe8 21. g4 {1/2-1/2 Cordes,H-Lau,R/Hamburg 1984/ (37)}) 14. dxc5 Nd3+ 15. Ke2
Nxc5 16. Rd1 Qa5 17. Bc2 Qa6+ 18. Ke1 Rac8 19. Be3 Qe6 20. Rd5 b6 21. Rad1 {
1-0 Bertok,M-Nikolic,E/Vinkovci 1968/ (32)}) (9... Ne8 10. Be2 (10. Qb3 Rb8 (
10... c5 11. d5 Nec7 12. Be2 Bf5 13. a3 Rb8 14. O-O b5 15. Qd1 Qd7 16. d6 exd6
17. exd6 Ne6 18. a4 Nb4 19. Bxb5 Qb7 20. Nh4 Bc2 21. Qg4 Rbd8 22. Be3 {1/2-1/2
Sherbakov,R-Voitsekhovsky,S/Kuibishev 1990/ (22)}) 11. Be3 c5 12. dxc5 Nec7 13.
Be2 Ne6 14. Qa3 Bc6 15. Rd1 Qc8 16. Nd5 Re8 17. b4 Nac7 18. Nxc7 Nxc7 19. Qb3
a6 20. a4 e6 21. O-O Nd5 {1/2-1/2 Misojcic,M-Zahariev,Z/Belgrade 1990/ (53)})
10... c6 11. O-O Nec7 12. Be3 b5 13. Qd3 f6 14. Rac1 Be6 15. Qd2 Qd7 16. Bh6
Rad8 17. Bxg7 Kxg7 18. b3 b4 19. Na4 Bd5 20. Qe3 Qc8 21. Bc4 Ne6 22. Bxd5 Rxd5
{0-1 Furman,S-Ribli,Z/Ljubljana 1975/ (62)}) 10. h3 Nh6 11. Bf4 {White plays
with great ambition of controling the center. Despite two knights at the rear
of the board black has fair chances to capitalize on his development advantage.
} (11. Be2 c5 12. d5 Qb6 13. O-O Nf5 14. Bf4 Nd4 15. Rfd1 Qxb2 16. Nxd4 cxd4
17. Qxd4 Rfc8 18. Bd2 Bf5 19. f4 Nb4 20. Rab1 Bxb1 21. Rxb1 Nc2 22. Qe4 Qa3 23.
Qxc2 {1-0 Zarubin,O-Tseitlin,M/Severodonetsk 1982/ (40)}) 11... c5 12. dxc5 Qa5
(12... Nf5 13. Rd1 Qc8 14. Rxd7 Qxd7 15. c6 $1 bxc6 16. Qxa6 $18) 13. Rd1 Rfd8
$2 (13... Be6 $1 14. Qb5 (14. Qa4 Qxc5 $13) 14... Qxb5 15. Bxb5 Nxc5 16. Nd4
$14) 14. Rxd7 $1 Rxd7 15. c6 Rc7 {The real point of white's combination would
come to life after the tougher move 15...Rc8.} (15... Rc8 16. cxd7 $3 (16. Bxh6
$6 Bxh6 17. Qh4 Rxc6 18. Qxh6 Rxc3 19. bxc3 Qxc3+ 20. Nd2 Qxe5+ 21. Qe3 Qa1+
22. Ke2 Qxa2 $15) 16... Rxc4 17. Bxc4 Nb4 (17... Qd8 18. e6 Nc5 19. Ng5 Kh8 20.
O-O fxe6 21. Rd1 $18) 18. O-O Nc6 19. e6 fxe6 20. Bxe6+ Kf8 21. Rd1 $18) 16.
cxb7 Rd8 (16... Rxc4 $4 17. bxa8=Q+ Bf8 18. Bxh6 $18) 17. Qxa6 Qb4 18. Bd2 (18.
Bc1 $1 Rxc3 19. bxc3 Qxc3+ 20. Bd2 Qa1+ 21. Ke2 $18) 18... Qxb2 19. Nd1 (19.
Bc4 Qa1+ 20. Ke2 Qxh1 21. Qxa7 Nf5 22. b8=Q Ng3+ 23. fxg3 Qxg2+ 24. Kd1 Qxf3+
25. Kc1 $18) 19... Qxb7 20. Qxb7 Rxb7 21. Bc4 {Two pieces for the rook without
great weaknesses turn the winning into purely technical task.} Nf5 (21... Rb1
22. Ke2 Nf5 23. e6 fxe6 24. Bxe6+ Kf8 25. Re1 $18) 22. Bb3 e6 23. Ke2 Bf8 24.
Nb2 Bb4 25. Bg5 Be7 26. Bf4 (26. Bxe7 Nxe7 27. Nd3 $16) 26... Rb4 27. Be3 Nxe3
28. fxe3 $1 Rb5 29. Nd3 (29. Rc1 Ba3 30. Rc2 $16) 29... Ba3 30. Rf1 h6 31. Nd4
Rb6 32. Rf4 $1 Be7 33. Nf3 a5 (33... Kg7 34. Ra4 Rd7 35. Nd4 $18) 34. Ra4 Bb4
35. Nd4 (35. Nxb4 $5 axb4 36. Nd4 $16) 35... Rc8 36. Kf3 (36. Nxb4 axb4 37. Nc2
Rcb8 38. Kd3 $16) 36... Bd2 37. Nb2 Bc3 38. Nd3 (38. Nc4 Rb4 39. Nd6 Rc5 40.
Ke4 $18) 38... Bd2 39. Ke4 Kf8 40. g3 Bc3 41. Nc2 Rc7 42. Na3 $1 Rbc6 (42...
Ke7 43. Nb1 Bb4 44. Nxb4 Rxb4+ 45. Rxb4 axb4 46. Nd2 $18) 43. Nb5 Rd7 44. Nd4 (
44. Nxc3 Rxc3 45. Nb2 Rc5 46. Rc4 Rxc4+ 47. Nxc4 Rd5 48. a4 Ke7 49. Nd6 Rc5 50.
Nb7 $18) 44... Rcc7 (44... Rb6 45. Rc4 $18) 45. Bxe6 $1 {This small
combination transposes into excellent endgame with a spare pawn and great
positional advantage.} Rxd4+ (45... Bxd4 46. Bxd7 $18) (45... fxe6 46. Nxe6+
Ke7 47. Nxc7 Rxc7 48. Nf4 $18) 46. exd4 fxe6 47. Nc5 Ke7 48. Rc4 Be1 (48... Bb4
49. Kd3 $16) 49. Rc1 Bd2 50. Rc2 Bb4 51. Kd3 Rc8 (51... Bxc5 52. Rxc5 Rxc5 53.
dxc5 Kd7 54. Kc4 Kc6 55. a4 $18) 52. Ne4 Rxc2 53. Kxc2 Kd7 54. Kb3 Kc6 55. Kc4
h5 56. Nc5 (56. Nc5 Bxc5 57. dxc5 g5 58. a4 g4 59. h4 $18) 1-0

[Event "EU-chT (Men) 14th"]
[Site "Plovdiv"]
[Date "2003.10.12"]
[Round "2.4"]
[White "Banikas, Hristos"]
[Black "Eljanov, Pavel"]
[Result "0-1"]
[WhiteElo "2522"]
[BlackElo "2597"]
[Annotator "Ftacnik,L"]
[PlyCount "76"]
[EventDate "2003.10.10"]
[EventType "team-swiss"]
[EventRounds "9"]
[EventCountry "BUL"]
[SourceTitle "CBM 098"]
[Source "ChessBase"]
[SourceDate "2004.02.03"]
[SourceVersion "1"]
[SourceVersionDate "2004.02.03"]
[SourceQuality "1"]
[WhiteTeam "Greece"]
[BlackTeam "Ukraine"]
[WhiteTeamCountry "GRE"]
[BlackTeamCountry "UKR"]

1. d4 Nf6 2. c4 g6 3. Nc3 d5 4. Nf3 Bg7 5. cxd5 Nxd5 6. Bg5 c5 7. Rc1 Nxc3 8.
bxc3 O-O 9. e3 Be6 (9... cxd4 10. cxd4 Bg4 11. Qd2 Bxf3 12. gxf3 Qd5 13. e4 Qd6
14. Be3 Nc6 15. d5 Ne5 16. Be2 Rac8 17. O-O Qd7 18. Kg2 b5 19. Qb4 a6 20. h3 f5
{0-1 Bogdanov,O-Ruck,R/Oberwart 2003/ (91)}) 10. Qa4 (10. Qd2 Nc6 11. Bd3 Qa5
12. Rb1 $13) 10... Nc6 11. Be2 (11. Bd3 Qd7 12. Qa3 $11) 11... Rc8 12. O-O h6
13. Bh4 (13. Bf4 Qa5 14. Qxa5 Nxa5 15. a4 $11) 13... g5 14. Bg3 Qa5 $1 {
With exact play black has managed to equalize quite easily.} 15. Qxa5 (15. Qd1
Qxa2 16. Rb1 b6 $15) 15... Nxa5 16. h4 (16. a4 Bc4 17. Rfe1 Bxe2 18. Rxe2 Rfd8
19. Rb1 b6 $11) 16... cxd4 17. cxd4 (17. exd4 $5 g4 18. Ne5 h5 19. Nd3 $11)
17... Bxa2 18. Ra1 (18. hxg5 hxg5 19. Rxc8 Rxc8 20. Nxg5 Nb3 21. Rd1 Nc1 22.
Bg4 Rc2 23. Bf5 Ne2+ 24. Kh2 Rb2 $15) 18... Rc2 19. Bd3 $6 (19. Bd1 $5 Rb2 20.
hxg5 hxg5 21. Nxg5 Nc4 (21... b5 22. f3 Nc4 23. Rf2 b4 24. Rxb2 Nxb2 25. Bc2 b3
26. Bh7+ Kh8 27. Bb1 $16) 22. Re1 Nd2 23. Nf3 Rc8 $11) 19... Rb2 20. hxg5 hxg5
21. Nxg5 Nb3 $1 {[%mdl 32] Eljanov shows a very intersting approach, black
queenside pawns can now run towards the queening squares.} (21... Rd8 22. Bb1
Bxb1 23. Rfxb1 Rxb1+ 24. Rxb1 Rc8 25. Kf1 $11) 22. Rad1 a5 23. Ne4 (23. f3 a4
24. Rf2 Rxf2 25. Kxf2 Rc8 $15) 23... Rc8 24. Bh4 (24. f3 b5 25. Bxb5 Nxd4 26.
Bd7 Ne2+ 27. Kh2 Nxg3 $17) 24... Kf8 25. f4 a4 26. f5 (26. Ng3 a3 27. Nf5 f6
$17) 26... Bh6 27. f6 (27. Ng5 f6 28. Ne6+ Kf7 29. Bf2 a3 $17) 27... exf6 (
27... Bxe3+ 28. Kh2 e6 $19) 28. Nd6 (28. Rfe1 Nc1 29. Nc5 Nxd3 30. Nxd3 Rb5 $17
) 28... Bxe3+ 29. Kh1 Rc1 $2 (29... Rc6 $1 30. Nf5 Bg5 $17) 30. Nc4 $2 {
Both players have missed a golden opportunity for white to lash out into
dangerous counterattack.} (30. Rde1 $1 Rxe1 31. Rxe1 Bg5 32. Re8+ Kg7 33. Nf5+
Kg6 34. Rg8+ Kh5 35. Bxg5 fxg5 36. Ne3 $11) 30... Rxc4 $1 31. Bxc4 Nd2 32. Bxa2
(32. Rxd2 Bxd2 33. Bxa2 Rxa2 34. Rb1 Bc3 $1 35. Rxb7 (35. Bxf6 Ra1 $19) 35...
Bxd4 $19) 32... Nxf1 33. Bd5 (33. Rxf1 Rxa2 34. Bxf6 a3 35. Rf5 Rf2 36. Rxf2
Bxf2 37. d5 b5 $19) 33... Rb5 34. Bf3 (34. Rxf1 Rxd5 35. Rxf6 a3 $19) 34... Nd2
35. Be2 (35. d5 a3 36. d6 a2 37. d7 Bb6 $19) 35... Rd5 36. Bxf6 (36. g4 f5 37.
gxf5 Rxd4 38. Bf6 Rd5 39. Bc3 Ke7 $19) 36... Ne4 37. Bh4 (37. Be5 Nf2+ $19)
37... Nc3 38. Bc4 (38. Rd3 Rxd4 39. Bf6 Rxd3 40. Bxd3 Nd1 $19) 38... Rh5 0-1